<?xml version="1.0" encoding="UTF-8"?>
<record
    xmlns:xsi="http://www.w3.org/2001/XMLSchema-instance"
    xsi:schemaLocation="http://www.loc.gov/MARC21/slim http://www.loc.gov/standards/marcxml/schema/MARC21slim.xsd"
    xmlns="http://www.loc.gov/MARC21/slim">

  <leader>01776nam a2200481 i 4500</leader>
  <controlfield tag="001">vtls000677709</controlfield>
  <controlfield tag="003">PNM</controlfield>
  <controlfield tag="005">20210211105511.0</controlfield>
  <controlfield tag="008">120521t20172017my     g     a001 0 may  </controlfield>
  <datafield tag="015" ind1=" " ind2=" ">
    <subfield code="a">M181-00065</subfield>
  </datafield>
  <datafield tag="020" ind1=" " ind2=" ">
    <subfield code="a">9789674120573</subfield>
    <subfield code="q">paperback</subfield>
    <subfield code="c">RM 35.00</subfield>
  </datafield>
  <datafield tag="039" ind1=" " ind2="9">
    <subfield code="a">201911200945</subfield>
    <subfield code="b">masliza</subfield>
    <subfield code="c">201911050759</subfield>
    <subfield code="d">masliza</subfield>
    <subfield code="c">201908231537</subfield>
    <subfield code="d">AUTHORITY</subfield>
    <subfield code="c">201908231537</subfield>
    <subfield code="d">AUTHORITY</subfield>
  </datafield>
  <datafield tag="040" ind1=" " ind2=" ">
    <subfield code="a">BNM</subfield>
    <subfield code="b">eng</subfield>
    <subfield code="c">BNM</subfield>
    <subfield code="d">PNM</subfield>
    <subfield code="d">PPAK</subfield>
    <subfield code="e">rda</subfield>
  </datafield>
  <datafield tag="049" ind1=" " ind2=" ">
    <subfield code="a">klpmal</subfield>
  </datafield>
  <datafield tag="082" ind1="0" ind2="4">
    <subfield code="a">297.7409595</subfield>
    <subfield code="2">23</subfield>
  </datafield>
  <datafield tag="090" ind1="0" ind2="0">
    <subfield code="a">297.7409595</subfield>
    <subfield code="b">DAK</subfield>
    <subfield code="d">G</subfield>
  </datafield>
  <datafield tag="245" ind1="0" ind2="0">
    <subfield code="a">Dakwah kepada Non-Muslim di Malaysia :</subfield>
    <subfield code="b">Konsep, Metode dan Pengalaman /</subfield>
    <subfield code="c">disunting oleh ABDUL GHAFAR HAJI DON &amp; ZULKIPLE ABD. GHANI</subfield>
  </datafield>
  <datafield tag="264" ind1=" " ind2="1">
    <subfield code="a">Bangi, Selangor :</subfield>
    <subfield code="b">Penerbit Universiti Kebangsaan Malaysia,</subfield>
    <subfield code="c">2017</subfield>
  </datafield>
  <datafield tag="264" ind1=" " ind2="4">
    <subfield code="c">&#xA9;2017</subfield>
  </datafield>
  <datafield tag="300" ind1=" " ind2=" ">
    <subfield code="a">211 pages ;</subfield>
    <subfield code="c">23 cm.</subfield>
  </datafield>
  <datafield tag="336" ind1=" " ind2=" ">
    <subfield code="a">text</subfield>
    <subfield code="2">rdacontent</subfield>
  </datafield>
  <datafield tag="337" ind1=" " ind2=" ">
    <subfield code="a">unmediated</subfield>
    <subfield code="2">rdamedia</subfield>
  </datafield>
  <datafield tag="338" ind1=" " ind2=" ">
    <subfield code="a">volume</subfield>
    <subfield code="2">rdacarrier</subfield>
  </datafield>
  <datafield tag="490" ind1="1" ind2=" ">
    <subfield code="a">SIRI ISLAM DAN PEMBANGUNAN MALAYSIA</subfield>
  </datafield>
  <datafield tag="500" ind1=" " ind2=" ">
    <subfield code="a">Includes index</subfield>
  </datafield>
  <datafield tag="504" ind1=" " ind2=" ">
    <subfield code="a">Bibliography: pages [199]-205</subfield>
  </datafield>
  <datafield tag="650" ind1="1" ind2="0">
    <subfield code="a">Da'wah (Islam)</subfield>
    <subfield code="z">Malaysia</subfield>
  </datafield>
  <datafield tag="650" ind1="2" ind2="0">
    <subfield code="a">Islam</subfield>
    <subfield code="x">Missions</subfield>
    <subfield code="z">Malaysia</subfield>
  </datafield>
  <datafield tag="650" ind1="2" ind2="0">
    <subfield code="a">Government publications</subfield>
    <subfield code="z">Malaysia</subfield>
  </datafield>
  <datafield tag="700" ind1="0" ind2=" ">
    <subfield code="a">Abdul Ghafar Haji Don,</subfield>
    <subfield code="c">Prof. Madya,</subfield>
    <subfield code="e">editor.</subfield>
  </datafield>
  <datafield tag="700" ind1="0" ind2=" ">
    <subfield code="a">Zulkiple Abd. Ghani,</subfield>
    <subfield code="c">Dato', Prof. Dr.,</subfield>
    <subfield code="e">editor.</subfield>
  </datafield>
  <datafield tag="830" ind1=" " ind2="0">
    <subfield code="a">Siri Islam dan pembangunan Malaysia</subfield>
  </datafield>
  <datafield tag="942" ind1=" " ind2=" ">
    <subfield code="2">ddc</subfield>
    <subfield code="c">B</subfield>
  </datafield>
  <datafield tag="949" ind1=" " ind2=" ">
    <subfield code="6">1001390846</subfield>
    <subfield code="a">297.7409595 DAK D</subfield>
    <subfield code="e">2602902</subfield>
  </datafield>
  <datafield tag="949" ind1=" " ind2=" ">
    <subfield code="6">1001390847</subfield>
    <subfield code="a">297.7409595 DAK D</subfield>
    <subfield code="e">2602903</subfield>
  </datafield>
  <datafield tag="949" ind1=" " ind2=" ">
    <subfield code="6">1001390848</subfield>
    <subfield code="a">297.7409595 DAK D</subfield>
    <subfield code="e">2602904</subfield>
  </datafield>
  <datafield tag="949" ind1=" " ind2=" ">
    <subfield code="6">1001390849</subfield>
    <subfield code="a">297.7409595 DAK D</subfield>
    <subfield code="e">2602905</subfield>
  </datafield>
  <datafield tag="949" ind1=" " ind2=" ">
    <subfield code="6">1001390850</subfield>
    <subfield code="a">297.7409595 DAK D</subfield>
    <subfield code="e">2602906</subfield>
  </datafield>
  <datafield tag="949" ind1=" " ind2=" ">
    <subfield code="6">1001379982</subfield>
    <subfield code="a">297.7409595 DAK D</subfield>
    <subfield code="e">2619115</subfield>
  </datafield>
  <datafield tag="949" ind1=" " ind2=" ">
    <subfield code="6">2000602730</subfield>
  </datafield>
  <datafield tag="949" ind1=" " ind2=" ">
    <subfield code="6">2000602729</subfield>
  </datafield>
  <datafield tag="949" ind1=" " ind2=" ">
    <subfield code="6">2000602728</subfield>
  </datafield>
  <datafield tag="999" ind1=" " ind2=" ">
    <subfield code="c">182001</subfield>
    <subfield code="d">182001</subfield>
  </datafield>
  <datafield tag="952" ind1=" " ind2=" ">
    <subfield code="0">0</subfield>
    <subfield code="7">0</subfield>
    <subfield code="b">PPAK</subfield>
    <subfield code="c">G</subfield>
    <subfield code="d">2021-02-28</subfield>
    <subfield code="l">2</subfield>
    <subfield code="o">297.7409595 DAK</subfield>
    <subfield code="p">A01675742</subfield>
    <subfield code="r">2023-02-28 00:00:00</subfield>
    <subfield code="s">2022-10-10</subfield>
    <subfield code="y">B</subfield>
  </datafield>
  <datafield tag="952" ind1=" " ind2=" ">
    <subfield code="0">0</subfield>
    <subfield code="7">0</subfield>
    <subfield code="b">SP</subfield>
    <subfield code="c">G</subfield>
    <subfield code="d">2021-02-28</subfield>
    <subfield code="o">297.7409595 DAK</subfield>
    <subfield code="p">A01675743</subfield>
    <subfield code="r">2021-02-28 00:00:00</subfield>
    <subfield code="y">B</subfield>
  </datafield>
  <datafield tag="952" ind1=" " ind2=" ">
    <subfield code="0">0</subfield>
    <subfield code="7">0</subfield>
    <subfield code="b">KM</subfield>
    <subfield code="c">G</subfield>
    <subfield code="d">2021-02-28</subfield>
    <subfield code="l">1</subfield>
    <subfield code="o">297.7409595 DAK</subfield>
    <subfield code="p">A01675744</subfield>
    <subfield code="r">2022-08-07 00:00:00</subfield>
    <subfield code="s">2022-07-19</subfield>
    <subfield code="y">B</subfield>
  </datafield>
  <datafield tag="952" ind1=" " ind2=" ">
    <subfield code="0">0</subfield>
    <subfield code="7">0</subfield>
    <subfield code="b">BL</subfield>
    <subfield code="c">G</subfield>
    <subfield code="d">2021-02-28</subfield>
    <subfield code="o">297.7409595 DAK</subfield>
    <subfield code="p">A01675745</subfield>
    <subfield code="r">2021-02-28 00:00:00</subfield>
    <subfield code="y">B</subfield>
  </datafield>
  <datafield tag="952" ind1=" " ind2=" ">
    <subfield code="0">0</subfield>
    <subfield code="7">0</subfield>
    <subfield code="b">BB</subfield>
    <subfield code="c">G</subfield>
    <subfield code="d">2021-02-28</subfield>
    <subfield code="o">297.7409595 DAK</subfield>
    <subfield code="p">A01675746</subfield>
    <subfield code="r">2021-02-28 00:00:00</subfield>
    <subfield code="y">B</subfield>
  </datafield>
  <datafield tag="952" ind1=" " ind2=" ">
    <subfield code="0">0</subfield>
    <subfield code="7">0</subfield>
    <subfield code="b">MR</subfield>
    <subfield code="c">G</subfield>
    <subfield code="d">2021-02-28</subfield>
    <subfield code="o">297.7409595 DAK</subfield>
    <subfield code="p">A01675747</subfield>
    <subfield code="r">2021-02-28 00:00:00</subfield>
    <subfield code="y">B</subfield>
  </datafield>
</record>
